Atlético Madrid: 11 du XXIème siècle - Statistiques

Statistiques générales
  • Ce quiz a été pris 462 fois
  • Le résultat moyen est 11 sur 16
Statistiques - réponses
Poste Nationalité Années au club Joueurs % Correct
Gardien Slovène 2014- Jan Oblak
99%
Second Attaquant Français 2014-2019/2022- Antoine Griezmann
98%
Milieu Central Espagnol 2009- Koke
90%
Défenseur Central Uruguayen 2010-2019 Diego Godin
89%
Entraîneur Argentin 2011- Diego Simeone
88%
Remplaçant (Gardien) Belge 2011-2014 Thibaut Courtois
86%
Buteur Espagnol 2001-2007/2015-2018 Fernando Torres
80%
Défenseur Central Uruguayen 2013- Jose Maria Gimenez
79%
Défenseur Gauche Brésilien 2010-2014/2015-2019 Filipe Luis
65%
Remplaçant (Défenseur Droit/Milieu) Espagnol 2019- Marcos Llorente
64%
Défenseur Droit Espagnol 2011-2019 Juanfran
61%
Milieu Central Espagnol 2002-2007/2011-2018 Gabi
53%
Buteur Espagnol 2007-2014/2018-2021 Diego Costa
52%
Remplaçant (Attaquant) Argentin 2006-2011 Sergio Agüero
50%
Milieu Central Espagnol 2012- Saul Niguez
47%
Remplaçant (Milieu) Portugais 2010-2017 Tiago
25%
Aucun quiz correspondant
Distribution des résultats
% des personnes avec chaque résultat
Percentile par nombre de réponses
Votre historique - résultats
Vous n’avez pas pris ce quiz